<?xml version="1.0" encoding="UTF-8"?><?xml-stylesheet type="text/xsl" href="static/style.xsl"?><OAI-PMH xmlns="http://www.openarchives.org/OAI/2.0/" xmlns:xsi="http://www.w3.org/2001/XMLSchema-instance" xsi:schemaLocation="http://www.openarchives.org/OAI/2.0/ http://www.openarchives.org/OAI/2.0/OAI-PMH.xsd"><responseDate>2026-04-17T02:52:22Z</responseDate><request verb="GetRecord" identifier="oai:www.recercat.cat:2117/102810" metadataPrefix="marc">https://recercat.cat/oai/request</request><GetRecord><record><header><identifier>oai:recercat.cat:2117/102810</identifier><datestamp>2025-07-22T19:28:20Z</datestamp><setSpec>com_2072_1033</setSpec><setSpec>col_2072_452951</setSpec></header><metadata><record xmlns="http://www.loc.gov/MARC21/slim" xmlns:dcterms="http://purl.org/dc/terms/" xmlns:xsi="http://www.w3.org/2001/XMLSchema-instance" xmlns:doc="http://www.lyncode.com/xoai" xsi:schemaLocation="http://www.loc.gov/MARC21/slim http://www.loc.gov/standards/marcxml/schema/MARC21slim.xsd">
   <leader>00925njm 22002777a 4500</leader>
   <datafield ind2=" " ind1=" " tag="042">
      <subfield code="a">dc</subfield>
   </datafield>
   <datafield ind2=" " ind1=" " tag="720">
      <subfield code="a">Martínez Fernández, Patricia</subfield>
      <subfield code="e">author</subfield>
   </datafield>
   <datafield ind2=" " ind1=" " tag="260">
      <subfield code="c">2016-07</subfield>
   </datafield>
   <datafield ind2=" " ind1=" " tag="520">
      <subfield code="a">El projecte consisteix en la validació de diverses tècniques analítiques en una matriu real&#xd;
(fertilitzant). La finalitat d'una validació és certificar que els resultats obtinguts per aquesta són&#xd;
fiables i reproduïbles, per finalment poder passar l’acreditació per una empresa externa i&#xd;
disposar del reconeixement formal que garanteixi la fiabilitat del mètode.&#xd;
La col·laboració amb una empresa externa de laboratori d'anàlisis fa possible la realització real&#xd;
del projecte. El fet que l'empresa tingués implantades les normes ISO 9001:2008 i la ISO&#xd;
17025:2005, ambdues de les més destacades en aquest sector, feia indispensable treballar amb el&#xd;
sistema de qualitat de l'empresa.&#xd;
Una part del treball està enfocada a la matriu a tractar; ja que aquest producte tant quotidià té en&#xd;
vigor aspectes legals i normatives, tant estatals com europees, que a part de classificar,&#xd;
especificar i determinar parts del processos de fabricació, matèria primera, venda del producte&#xd;
en si, també inclou paràmetres específics per els metalls pesants.&#xd;
La validació determina quantitativament una sèrie de metalls pesants: el Mercuri, el Cadmi, el&#xd;
Plom, el Coure, el Crom, el Níquel i el Zinc. S'utilitzaran diferents tècniques analítiques de&#xd;
quantificació especifiques per a cada element, sempre tenint en compte les normes recomanades&#xd;
per la normativa: espectrofotometria d’absorció atòmica amb flama, amb forn de grafit i amb&#xd;
generador d’hidrurs. S'utilitzaran diferents tipus de matrius reals, que és doparan amb tres&#xd;
nivells diferents de quantificació, amb una quantitat d’analit perfectament coneguda. En el&#xd;
procediment de validació es realitzaran la digestió amb aigua règia especificada en la norma, i&#xd;
sempre tenint en compte la sistemàtica de treball per el sistema de qualitat ISO (Protocols,&#xd;
Procediments Normalitzats de Treball, etc.).&#xd;
Per tal de determinar la fiabilitat dels mètodes és realitzaran diferents mesures dels paràmetres&#xd;
analítics, obtenint diferents series de dades analítiques amb les quals determinar l’exactitud, la&#xd;
repetitivitat i la reproductibilitat dels mètodes en els nivells establerts.</subfield>
   </datafield>
   <datafield tag="653" ind2=" " ind1=" ">
      <subfield code="a">Àrees temàtiques de la UPC::Enginyeria química::Química analítica</subfield>
   </datafield>
   <datafield tag="653" ind2=" " ind1=" ">
      <subfield code="a">Chemistry, Analytic--Methodology</subfield>
   </datafield>
   <datafield tag="653" ind2=" " ind1=" ">
      <subfield code="a">Heavy metals--Analysis</subfield>
   </datafield>
   <datafield tag="653" ind2=" " ind1=" ">
      <subfield code="a">Manures--Analysis</subfield>
   </datafield>
   <datafield tag="653" ind2=" " ind1=" ">
      <subfield code="a">Adobs -- Anàlisi</subfield>
   </datafield>
   <datafield tag="653" ind2=" " ind1=" ">
      <subfield code="a">Química analítica -- Mètodes -- Validació</subfield>
   </datafield>
   <datafield tag="653" ind2=" " ind1=" ">
      <subfield code="a">Metalls pesants -- Separació</subfield>
   </datafield>
   <datafield ind2="0" ind1="0" tag="245">
      <subfield code="a">Validació de tècniques analítiques per a la determinació de metalls pesants en fertilitzants</subfield>
   </datafield>
</record></metadata></record></GetRecord></OAI-PMH>